| 000 | 00881nam a2200229 i 4500 | ||
|---|---|---|---|
| 001 | 186564 | ||
| 003 | ES-MaACL | ||
| 005 | 20260217063018.0 | ||
| 007 | t| | ||
| 008 | 161128m18921893fr |||| | fre d | ||
| 080 | _a782.6(443.61 P.)(091) | ||
| 100 | 1 |
_aSoubies, Albert, _d1846-1918 _9132849 |
|
| 245 | 1 | 0 |
_aHistoire de l'opéra-comique _b: la seconde de Salle Favart / _cAlbert Soubies, Charles Malherbe. |
| 260 |
_aParis : _bFlammarion, _c1892-1893. |
||
| 300 |
_a2 v. ; _c19 cm. |
||
| 505 | 8 |
_aContiene: [1] ; _t1840-1860 ([1] p. de lám., XI, 326 p.) - [2] ; _t1860-1887 ([2] p. de lám., VIII-454 p.) |
|
| 610 | 2 | 4 |
_aOpéra-Comique (París) _9141609 |
| 650 | 4 |
_aÓpera- _zParís- _xHistoria. _915715 |
|
| 700 | 1 |
_aMalherbe, Charles. _975769 |
|
| 852 |
_aES-MaACL _jL-30919-20 _z- enc. cart. _z. - Biblioteca Jacinto Martínez Lacalle |
||
| 999 |
_c186564 _d186564 |
||